000 01743cam a22005054i 4500
003 PE-LiUPU
005 20250731165629.0
008 150616s r 000 0 d
020 _a0310542103
035 _a(Sirsi) i9780310542100
040 _aPE-LiUPU
_bspa
_cPE-LiUPU
_erda
049 _aPRUA
082 0 4 _a487.4d
_bM82
_221
100 1 _aMounce, William D.,
_eautor.
245 1 4 _aThe Analytical Lexicon to the Greek New Testament /
_cWilliam D. Mounce.
264 1 _aGrand Rapids, Michigan :
_bZondervan Publishing House,
_c1993.
300 _a542 páginas ;
_c24 centímetros
336 _atext
_2rdacontent
337 _aunmediated
_2rdamedia
338 _avolume
_2rdacarrier
505 0 _aDiccionario nuevo testamento.
526 _aSEG44
526 _aSEG26
526 _aP151
526 _aP150
526 _aP149
526 _aP146
526 _aP145
526 _aP126
526 _aP125
526 _aP92
526 _aP75
526 _aP74
526 _aP27
526 _aP15
650 1 4 _aGriego bíblico
_vDiccionarios
_xInglés.
650 2 4 _aGroego bíblico.
910 _ajck
_bjvq
_cjck
942 _2ddc
_cBOOK
949 _aRC 487.4D M82
_wDEWEY
_c1
_i39775
_d2015-9-8
_lCCODEBUL1
_mBUL
_q1
_r0
_sY
_tBOOK
_u2015-6-16
_xTEOLOGIA
_zUNKNOWN
_0COMPRA
_o.CIRCNOTE. No olvidar cambiar la fecha de devolución!!!!!!!
_o.STAFF. Colección General
994 _aC0
_bPEPRU
596 _a1
999 _aRC 487.4D M82
_wDEWEY
_c57422
_i39775
_d57422
_f2021-11-8
_g5
_lCCODEBUL1
_mBUL
_q5
_r1
_sY
_tBOOK
_u2015-6-16
_xTEOLOGIA
_zUNKNOWN
_0COMPRA
_o.CIRCNOTE. No olvidar cambiar la fecha de devolución!!!!!!!
_o.STAFF. Colección General
980 _81
_gALBERTO SANCHEZ Responsable de Automatización